01070nam a22001937a 4500999001500000008004100015040000900056110008400065245013600149246002400285260001200309300002600321505021100347650005100558650006800609856005900677942002000736952012000756 c7800d7800231024b ||||| |||| 00| 0 eng d aCDMR2 93969aUniversitat de BarcelonabCRAI Biblioteca del Pavelló de la República aLa premsa republicana a l'exili [recurs electrònic] c/ Universitat de Barcelona. CRAI Biblioteca del Pavelló de la República aRevistes de l'exili c[201-?] a1 recurs electrònic aRecull integrat per 889 títols editats en més de 51 països. Segons la UB, representa la col·lecció hemerogràfica més extensa i important sobre l’exili republicà, tant català com espanyol. 091524aPremsazCatalunyaxHistòriay1939-1975 093636aExiliatszCatalunyaxCobertura periodística v1939-1975 uhttps://www.ub.edu/craiexili/cercazAccés en línia 2udccRECURS_WEB 00102udc4070aCDMRbCDMRd2023-10-24l0oDisponible en líniapCDMR23100021r2023-10-24w2023-10-24yRECURS_WEB